000 00458cam a22001814a 4500
020 _a0393924068
040 _cDLC
082 0 0 _a327 NOR 2004 A017 Or.
245 0 0 _aEssential readings in world politics /
250 _a2nd ed.
260 _aNew York :
_bNorton,
_cc2004.
300 _aix, 483 p. ;
_c24 cm.
650 0 _aInternational relations.
650 0 _aWorld politics.
700 1 _aMingst, Karen A.,
700 1 _aSnyder, Jack L.
942 _cEK
999 _c11652
_d11652